000 01035nam a2200217Ii 4500
003 JO-AjNU
005 20240110135739.0
008 230605s9999||||xx |||||||||||||| ||und||
040 _aJO-AjNU
_bara
_erda
_cJO-AjNU
041 _aara
050 1 4 _aBP135.A3.I26373
100 3 _aتأليف الصتعاني، محمد بن اسماعيل الأمير اليمنى؛ محمد عبد العزيز الخولى،صححه وعلق عليه,
_eauthor
_941951
245 0 0 _a سبل السلام : شرح بلوغ المرام من جمع أدلة الأحكام، الجزء 4 
264 3 1 _aبيروت: دار الجيل، 1900
300 _aج4، من 1263- 1667ص
336 _atext
_btxt
_2rdacontent
337 _aunmediated
_bn
_2rdamedia
338 _avolume
_bnc
_2rdacarrier
650 4 _aالفقه الإسلامي -- الحديث -- أحكام -- الحديث -- شرح -- ابن حجر العسقلاني، أحمد بن علي، 1372-1449. بلوغ المرام من جمع ادلة الأحكام
_941952
942 _2lcc
_cBK
999 _c21495
_d21495